Statistics for Galatasaray Full Squad (2000-)

Click here to take the quiz!

General Stats

  • This quiz has been taken 244 times
  • The average score is 307 of 575

Answer Stats

Year#Pos/CountryAnswer% Correct
2015-20161GK ๐Ÿ‡บ๐Ÿ‡พFernando Muslera
97%
2014-20151GK ๐Ÿ‡บ๐Ÿ‡พFernando Muslera
97%
2022-20231GK ๐Ÿ‡บ๐Ÿ‡พFernando Muslera
97%
2021-20221GK ๐Ÿ‡บ๐Ÿ‡พFernando Muslera
97%
2020-20211GK ๐Ÿ‡บ๐Ÿ‡พFernando Muslera
97%
2019-20201GK ๐Ÿ‡บ๐Ÿ‡พFernando Muslera
97%
2018-20191GK ๐Ÿ‡บ๐Ÿ‡พFernando Muslera
97%
2017-20181GK ๐Ÿ‡บ๐Ÿ‡พFernando Muslera
97%
2012-201325GK ๐Ÿ‡บ๐Ÿ‡พFernando Muslera
97%
2016-20171GK ๐Ÿ‡บ๐Ÿ‡พFernando Muslera
97%
2013-201425GK ๐Ÿ‡บ๐Ÿ‡พFernando Muslera
97%
2011-201225GK ๐Ÿ‡บ๐Ÿ‡พFernando Muslera
97%
2013-201411FW ๐Ÿ‡จ๐Ÿ‡ฎDidier Drogba
94%
2012-201312FW ๐Ÿ‡จ๐Ÿ‡ฎDidier Drogba
94%
2014-201510MF ๐Ÿ‡ณ๐Ÿ‡ฑWesley Sneijder
92%
2015-201610MF ๐Ÿ‡ณ๐Ÿ‡ฑWesley Sneijder
92%
2013-201410MF ๐Ÿ‡ณ๐Ÿ‡ฑWesley Sneijder
92%
2016-201710MF ๐Ÿ‡ณ๐Ÿ‡ฑWesley Sneijder
92%
2012-201314MF ๐Ÿ‡ณ๐Ÿ‡ฑWesley Sneijder
92%
2014-201517FW ๐Ÿ‡น๐Ÿ‡ทBurak Yilmaz
83%
2013-201417FW ๐Ÿ‡น๐Ÿ‡ทBurak Yilmaz
83%
2015-201617FW ๐Ÿ‡น๐Ÿ‡ทBurak Yilmaz
83%
2012-201317FW ๐Ÿ‡น๐Ÿ‡ทBurak Yilmaz
83%
2000-20011GK ๐Ÿ‡ง๐Ÿ‡ทClaudio Taffarel
83%
2022-202399FW ๐Ÿ‡ฆ๐Ÿ‡ทMauro Icardi
83%
2022-202353FW ๐Ÿ‡น๐Ÿ‡ทBaris Yilmaz
81%
2020-202166FW ๐Ÿ‡น๐Ÿ‡ทArda Turan
79%
2006-200766FW ๐Ÿ‡น๐Ÿ‡ทArda Turan
79%
2007-200866FW ๐Ÿ‡น๐Ÿ‡ทArda Turan
79%
2008-200966FW ๐Ÿ‡น๐Ÿ‡ทArda Turan
79%
2009-201010FW ๐Ÿ‡น๐Ÿ‡ทArda Turan
79%
2010-201110FW ๐Ÿ‡น๐Ÿ‡ทArda Turan
79%
2001-20021GK ๐Ÿ‡จ๐Ÿ‡ดFaryd Mondragรณn
79%
2005-20061GK ๐Ÿ‡จ๐Ÿ‡ดFaryd Mondragรณn
79%
2004-20051GK ๐Ÿ‡จ๐Ÿ‡ดFaryd Mondragรณn
79%
2003-20041GK ๐Ÿ‡จ๐Ÿ‡ดFaryd Mondragรณn
79%
2002-20031GK ๐Ÿ‡จ๐Ÿ‡ดFaryd Mondragรณn
79%
2006-20071GK ๐Ÿ‡จ๐Ÿ‡ดFaryd Mondragรณn
79%
2000-200110MF ๐Ÿ‡ท๐Ÿ‡ดGheorghe Hagi
79%
2006-20079FW ๐Ÿ‡น๐Ÿ‡ทHakan Sรผkรผr
79%
2007-20089FW ๐Ÿ‡น๐Ÿ‡ทHakan Sรผkรผr
79%
2005-20069FW ๐Ÿ‡น๐Ÿ‡ทHakan Sรผkรผr
79%
2004-20059FW ๐Ÿ‡น๐Ÿ‡ทHakan Sรผkรผr
79%
2003-200410FW ๐Ÿ‡น๐Ÿ‡ทHakan Sรผkรผr
79%
2016-201711MF ๐Ÿ‡ฉ๐Ÿ‡ชLukas Podolski
79%
2015-201611MF ๐Ÿ‡ฉ๐Ÿ‡ชLukas Podolski
79%
2021-202293DF ๐Ÿ‡ซ๐Ÿ‡ทSacha Boey
79%
2022-202393DF ๐Ÿ‡ซ๐Ÿ‡ทSacha Boey
79%
2017-20188MF ๐Ÿ‡น๐Ÿ‡ทSelcuk Inan
79%
2016-20178MF ๐Ÿ‡น๐Ÿ‡ทSelcuk Inan
79%
2012-20138MF ๐Ÿ‡น๐Ÿ‡ทSelcuk Inan
79%
2015-20168MF ๐Ÿ‡น๐Ÿ‡ทSelcuk Inan
79%
2019-20208MF ๐Ÿ‡น๐Ÿ‡ทSelcuk Inan
79%
2011-20128MF ๐Ÿ‡น๐Ÿ‡ทSelcuk Inan
79%
2018-20198MF ๐Ÿ‡น๐Ÿ‡ทSelcuk Inan
79%
2013-20148MF ๐Ÿ‡น๐Ÿ‡ทSelcuk Inan
79%
2014-20158MF ๐Ÿ‡น๐Ÿ‡ทSelcuk Inan
79%
2021-202218FW ๐Ÿ‡ซ๐Ÿ‡ทBafรฉtimbi Gomis
76%
2022-202318FW ๐Ÿ‡ซ๐Ÿ‡ทBafรฉtimbi Gomis
76%
2017-201818FW ๐Ÿ‡ซ๐Ÿ‡ทBafรฉtimbi Gomis
76%
2011-201210DF ๐Ÿ‡ง๐Ÿ‡ทFelipe Melo
76%
2012-201310DF ๐Ÿ‡ง๐Ÿ‡ทFelipe Melo
76%
2013-20143DF ๐Ÿ‡ง๐Ÿ‡ทFelipe Melo
76%
2014-20153DF ๐Ÿ‡ง๐Ÿ‡ทFelipe Melo
76%
2022-20237FW ๐Ÿ‡น๐Ÿ‡ทKerem Aktรผrkoglu
76%
2021-20227FW ๐Ÿ‡น๐Ÿ‡ทKerem Aktรผrkoglu
76%
2020-202118FW ๐Ÿ‡น๐Ÿ‡ทKerem Aktรผrkoglu
76%
2022-20235MF ๐Ÿ‡บ๐Ÿ‡พLucas Torreira
76%
2022-202310FW ๐Ÿ‡ง๐Ÿ‡ชDries Mertens
75%
2000-20014DF ๐Ÿ‡ท๐Ÿ‡ดGheorghe Popescu
75%
2001-20024DF ๐Ÿ‡ท๐Ÿ‡ดGheorghe Popescu
75%
2019-202011FW ๐Ÿ‡ณ๐Ÿ‡ฑRyan Babel
75%
2020-20218FW ๐Ÿ‡ณ๐Ÿ‡ฑRyan Babel
75%
2021-20228FW ๐Ÿ‡ณ๐Ÿ‡ฑRyan Babel
75%
2012-20137FW ๐Ÿ‡น๐Ÿ‡ทAydin Yilmaz
74%
2009-20107FW ๐Ÿ‡น๐Ÿ‡ทAydin Yilmaz
74%
2006-200726FW ๐Ÿ‡น๐Ÿ‡ทAydin Yilmaz
74%
2010-20117FW ๐Ÿ‡น๐Ÿ‡ทAydin Yilmaz
74%
2008-20097FW ๐Ÿ‡น๐Ÿ‡ทAydin Yilmaz
74%
2011-20127FW ๐Ÿ‡น๐Ÿ‡ทAydin Yilmaz
74%
2005-200626FW ๐Ÿ‡น๐Ÿ‡ทAydin Yilmaz
74%
2004-20055DF ๐Ÿ‡น๐Ÿ‡ทOrhan Ak
74%
2006-20075DF ๐Ÿ‡น๐Ÿ‡ทOrhan Ak
74%
2005-20065DF ๐Ÿ‡น๐Ÿ‡ทOrhan Ak
74%
2003-20044DF ๐Ÿ‡น๐Ÿ‡ทOrhan Ak
74%
2013-201427DF ๐Ÿ‡จ๐Ÿ‡ฎEmmanuel Ebouรฉ
72%
2012-201327DF ๐Ÿ‡จ๐Ÿ‡ฎEmmanuel Ebouรฉ
72%
2011-201227DF ๐Ÿ‡จ๐Ÿ‡ฎEmmanuel Ebouรฉ
72%
2019-20209FW ๐Ÿ‡จ๐Ÿ‡ดRadamel Falcao
72%
2020-20219FW ๐Ÿ‡จ๐Ÿ‡ดRadamel Falcao
72%
2020-202189FW ๐Ÿ‡ฉ๐Ÿ‡ฟSofiane Feghouli
72%
2021-202289FW ๐Ÿ‡ฉ๐Ÿ‡ฟSofiane Feghouli
72%
2019-202089FW ๐Ÿ‡ฉ๐Ÿ‡ฟSofiane Feghouli
72%
2018-201989FW ๐Ÿ‡ฉ๐Ÿ‡ฟSofiane Feghouli
72%
2017-201889FW ๐Ÿ‡ฉ๐Ÿ‡ฟSofiane Feghouli
72%
2022-202325DF ๐Ÿ‡ฉ๐Ÿ‡ฐVictor Nelsson
72%
2021-202225DF ๐Ÿ‡ฉ๐Ÿ‡ฐVictor Nelsson
72%
2017-201810MF ๐Ÿ‡ฒ๐Ÿ‡ฆYounรจs Belhanda
72%
2018-201910MF ๐Ÿ‡ฒ๐Ÿ‡ฆYounรจs Belhanda
72%
2020-202110MF ๐Ÿ‡ฒ๐Ÿ‡ฆYounรจs Belhanda
72%
2019-202010MF ๐Ÿ‡ฒ๐Ÿ‡ฆYounรจs Belhanda
72%
2016-201716FW ๐Ÿ‡จ๐Ÿ‡ปGarry Rodrigues
71%
2017-201824FW ๐Ÿ‡จ๐Ÿ‡ปGarry Rodrigues
71%
2018-20197FW ๐Ÿ‡จ๐Ÿ‡ปGarry Rodrigues
71%
2022-20239FW ๐Ÿ‡จ๐Ÿ‡ญHaris Seferovic
71%
2006-20077MF ๐Ÿ‡น๐Ÿ‡ทOkan Buruk
71%
2007-20087MF ๐Ÿ‡น๐Ÿ‡ทOkan Buruk
71%
2000-20017MF ๐Ÿ‡น๐Ÿ‡ทOkan Buruk
71%
2008-200928DF ๐Ÿ‡น๐Ÿ‡ทSemih Kaya
71%
2011-201226DF ๐Ÿ‡น๐Ÿ‡ทSemih Kaya
71%
2014-201526DF ๐Ÿ‡น๐Ÿ‡ทSemih Kaya
71%
2013-201426DF ๐Ÿ‡น๐Ÿ‡ทSemih Kaya
71%
2016-201726DF ๐Ÿ‡น๐Ÿ‡ทSemih Kaya
71%
2015-201626DF ๐Ÿ‡น๐Ÿ‡ทSemih Kaya
71%
2012-201326DF ๐Ÿ‡น๐Ÿ‡ทSemih Kaya
71%
2022-202327MF ๐Ÿ‡ต๐Ÿ‡นSรฉrgio Oliveira
71%
2009-20105DF ๐Ÿ‡น๐Ÿ‡ทGรถkhan Zan
69%
2013-20145DF ๐Ÿ‡น๐Ÿ‡ทGรถkhan Zan
69%
2011-20125DF ๐Ÿ‡น๐Ÿ‡ทGรถkhan Zan
69%
2010-20115DF ๐Ÿ‡น๐Ÿ‡ทGรถkhan Zan
69%
2012-20135DF ๐Ÿ‡น๐Ÿ‡ทGรถkhan Zan
69%
2006-200755DF ๐Ÿ‡น๐Ÿ‡ทSabri Sarioglu
69%
2014-201555DF ๐Ÿ‡น๐Ÿ‡ทSabri Sarioglu
69%
2016-201755DF ๐Ÿ‡น๐Ÿ‡ทSabri Sarioglu
69%
2007-200855DF ๐Ÿ‡น๐Ÿ‡ทSabri Sarioglu
69%
2015-201655DF ๐Ÿ‡น๐Ÿ‡ทSabri Sarioglu
69%
2005-200655DF ๐Ÿ‡น๐Ÿ‡ทSabri Sarioglu
69%
2013-201455DF ๐Ÿ‡น๐Ÿ‡ทSabri Sarioglu
69%
2011-201255DF ๐Ÿ‡น๐Ÿ‡ทSabri Sarioglu
69%
2008-200955DF ๐Ÿ‡น๐Ÿ‡ทSabri Sarioglu
69%
2012-201355DF ๐Ÿ‡น๐Ÿ‡ทSabri Sarioglu
69%
2004-200555DF ๐Ÿ‡น๐Ÿ‡ทSabri Sarioglu
69%
2009-201055DF ๐Ÿ‡น๐Ÿ‡ทSabri Sarioglu
69%
2003-200455DF ๐Ÿ‡น๐Ÿ‡ทSabri Sarioglu
69%
2010-201155DF ๐Ÿ‡น๐Ÿ‡ทSabri Sarioglu
69%
2022-202342DF ๐Ÿ‡น๐Ÿ‡ทAbdรผlkerim Bardakci
68%
2008-200922DF ๐Ÿ‡น๐Ÿ‡ทHakan Balta
68%
2013-201422DF ๐Ÿ‡น๐Ÿ‡ทHakan Balta
68%
2007-200822DF ๐Ÿ‡น๐Ÿ‡ทHakan Balta
68%
2014-201522DF ๐Ÿ‡น๐Ÿ‡ทHakan Balta
68%
2009-201022DF ๐Ÿ‡น๐Ÿ‡ทHakan Balta
68%
2015-201622DF ๐Ÿ‡น๐Ÿ‡ทHakan Balta
68%
2012-201322DF ๐Ÿ‡น๐Ÿ‡ทHakan Balta
68%
2010-201122DF ๐Ÿ‡น๐Ÿ‡ทHakan Balta
68%
2016-201722DF ๐Ÿ‡น๐Ÿ‡ทHakan Balta
68%
2011-201222DF ๐Ÿ‡น๐Ÿ‡ทHakan Balta
68%
2020-202145DF ๐Ÿ‡ง๐Ÿ‡ทMarcรฃo
68%
2019-202045DF ๐Ÿ‡ง๐Ÿ‡ทMarcรฃo
68%
2018-201945DF ๐Ÿ‡ง๐Ÿ‡ทMarcรฃo
68%
2021-202245DF ๐Ÿ‡ง๐Ÿ‡ทMarcรฃo
68%
2009-201015FW ๐Ÿ‡จ๐Ÿ‡ฟMilan Baros
68%
2010-201115FW ๐Ÿ‡จ๐Ÿ‡ฟMilan Baros
68%
2011-201215FW ๐Ÿ‡จ๐Ÿ‡ฟMilan Baros
68%
2008-200915FW ๐Ÿ‡จ๐Ÿ‡ฟMilan Baros
68%
2018-201955DF ๐Ÿ‡ฏ๐Ÿ‡ตYuto Nagatomo
68%
2017-201855DF ๐Ÿ‡ฏ๐Ÿ‡ตYuto Nagatomo
68%
2019-202055DF ๐Ÿ‡ฏ๐Ÿ‡ตYuto Nagatomo
68%
2019-202014DF ๐Ÿ‡ณ๐Ÿ‡ดMartin Linnes
67%
2017-201814DF ๐Ÿ‡ณ๐Ÿ‡ดMartin Linnes
67%
2016-201714DF ๐Ÿ‡ณ๐Ÿ‡ดMartin Linnes
67%
2015-201627DF ๐Ÿ‡ณ๐Ÿ‡ดMartin Linnes
67%
2020-202114DF ๐Ÿ‡ณ๐Ÿ‡ดMartin Linnes
67%
2018-201914DF ๐Ÿ‡ณ๐Ÿ‡ดMartin Linnes
67%
2021-202221MF ๐Ÿ‡ท๐Ÿ‡ดOlimpiu Morutan
67%
2021-20226DF ๐Ÿ‡ณ๐Ÿ‡ฑPatrick van Aanholt
67%
2022-20233DF ๐Ÿ‡ณ๐Ÿ‡ฑPatrick van Aanholt
67%
2011-201211MF ๐Ÿ‡ช๐Ÿ‡ธAlbert Riera
65%
2013-201477MF ๐Ÿ‡ช๐Ÿ‡ธAlbert Riera
65%
2012-201311MF ๐Ÿ‡ช๐Ÿ‡ธAlbert Riera
65%
2016-20179FW ๐Ÿ‡จ๐Ÿ‡ญEren Derdiyok
65%
2017-20189FW ๐Ÿ‡จ๐Ÿ‡ญEren Derdiyok
65%
2018-20199FW ๐Ÿ‡จ๐Ÿ‡ญEren Derdiyok
65%
2011-20129FW ๐Ÿ‡ธ๐Ÿ‡ชJohan Elmander
65%
2012-20139FW ๐Ÿ‡ธ๐Ÿ‡ชJohan Elmander
65%
2000-200116GK ๐Ÿ‡น๐Ÿ‡ทKerem Inan
65%
2001-200216GK ๐Ÿ‡น๐Ÿ‡ทKerem Inan
65%
2000-20018MF ๐Ÿ‡น๐Ÿ‡ทSuat Kaya
65%
2002-20038MF ๐Ÿ‡น๐Ÿ‡ทSuat Kaya
65%
2001-20028MF ๐Ÿ‡น๐Ÿ‡ทSuat Kaya
65%
2002-20033DF ๐Ÿ‡น๐Ÿ‡ทBรผlent Korkmaz
64%
2003-20043DF ๐Ÿ‡น๐Ÿ‡ทBรผlent Korkmaz
64%
2000-20013DF ๐Ÿ‡น๐Ÿ‡ทBรผlent Korkmaz
64%
2001-20023DF ๐Ÿ‡น๐Ÿ‡ทBรผlent Korkmaz
64%
2004-20053DF ๐Ÿ‡น๐Ÿ‡ทBรผlent Korkmaz
64%
2020-202127DF ๐Ÿ‡จ๐Ÿ‡ฉChristian Luyindama
64%
2018-201927DF ๐Ÿ‡จ๐Ÿ‡ฉChristian Luyindama
64%
2019-202027DF ๐Ÿ‡จ๐Ÿ‡ฉChristian Luyindama
64%
2021-202227DF ๐Ÿ‡จ๐Ÿ‡ฉChristian Luyindama
64%
2000-20015MF ๐Ÿ‡น๐Ÿ‡ทEmre Belรถzoglu
64%
2020-20217FW ๐Ÿ‡ณ๐Ÿ‡ฌHenry Onyekuru
64%
2019-202070FW ๐Ÿ‡ณ๐Ÿ‡ฌHenry Onyekuru
64%
2018-201921FW ๐Ÿ‡ณ๐Ÿ‡ฌHenry Onyekuru
64%
2022-202364MF ๐Ÿ‡ช๐Ÿ‡ธJuan Mata
64%
2019-202034GK ๐Ÿ‡น๐Ÿ‡ทOkan Kocuk
64%
2020-202134GK ๐Ÿ‡น๐Ÿ‡ทOkan Kocuk
64%
2022-202334GK ๐Ÿ‡น๐Ÿ‡ทOkan Kocuk
64%
2015-20169FW ๐Ÿ‡น๐Ÿ‡ทUmut Bulut
64%
2012-201319FW ๐Ÿ‡น๐Ÿ‡ทUmut Bulut
64%
2013-201419FW ๐Ÿ‡น๐Ÿ‡ทUmut Bulut
64%
2014-20159FW ๐Ÿ‡น๐Ÿ‡ทUmut Bulut
64%
2013-201488DF ๐Ÿ‡น๐Ÿ‡ทVeysel Sari
64%
2014-201588DF ๐Ÿ‡น๐Ÿ‡ทVeysel Sari
64%
2010-20114DF ๐Ÿ‡น๐Ÿ‡ทAli Turan
63%
2021-202222MF ๐Ÿ‡น๐Ÿ‡ทBerkan Kutlu
63%
2022-202322MF ๐Ÿ‡น๐Ÿ‡ทBerkan Kutlu
63%
2016-201720FW ๐Ÿ‡ต๐Ÿ‡นBruma
63%
2014-201511FW ๐Ÿ‡ต๐Ÿ‡นBruma
63%
2013-201420FW ๐Ÿ‡ต๐Ÿ‡นBruma
63%
2021-20222DF ๐Ÿ‡บ๐Ÿ‡ธDeAndre Yedlin
63%
2006-200711FW ๐Ÿ‡น๐Ÿ‡ทHasan Sas
63%
2007-200811FW ๐Ÿ‡น๐Ÿ‡ทHasan Sas
63%
2004-200511FW ๐Ÿ‡น๐Ÿ‡ทHasan Sas
63%
2002-200311FW ๐Ÿ‡น๐Ÿ‡ทHasan Sas
63%
2001-200211FW ๐Ÿ‡น๐Ÿ‡ทHasan Sas
63%
2005-200611FW ๐Ÿ‡น๐Ÿ‡ทHasan Sas
63%
2003-200411FW ๐Ÿ‡น๐Ÿ‡ทHasan Sas
63%
2000-200111FW ๐Ÿ‡น๐Ÿ‡ทHasan Sas
63%
2008-200911FW ๐Ÿ‡น๐Ÿ‡ทHasan Sas
63%
2021-202290FW ๐Ÿ‡ธ๐Ÿ‡ณMbaye Diagne
63%
2020-202190FW ๐Ÿ‡ธ๐Ÿ‡ณMbaye Diagne
63%
2018-201991FW ๐Ÿ‡ธ๐Ÿ‡ณMbaye Diagne
63%
2022-202326FW ๐Ÿ‡ฝ๐Ÿ‡ฐMilot Rashica
63%
2020-20214MF ๐Ÿ‡น๐Ÿ‡ทTaylan Antalyali
63%
2019-202048MF ๐Ÿ‡น๐Ÿ‡ทTaylan Antalyali
63%
2021-20224MF ๐Ÿ‡น๐Ÿ‡ทTaylan Antalyali
63%
2003-20049FW ๐Ÿ‡น๐Ÿ‡ทรœmit Karan
63%
2006-200799FW ๐Ÿ‡น๐Ÿ‡ทรœmit Karan
63%
2005-200699FW ๐Ÿ‡น๐Ÿ‡ทรœmit Karan
63%
2001-20029FW ๐Ÿ‡น๐Ÿ‡ทรœmit Karan
63%
2004-200510FW ๐Ÿ‡น๐Ÿ‡ทรœmit Karan
63%
2007-200899FW ๐Ÿ‡น๐Ÿ‡ทรœmit Karan
63%
2008-200999FW ๐Ÿ‡น๐Ÿ‡ทรœmit Karan
63%
2002-20039FW ๐Ÿ‡น๐Ÿ‡ทรœmit Karan
63%
2000-20019FW ๐Ÿ‡ง๐Ÿ‡ทJardel
61%
2022-20232DF ๐Ÿ‡ซ๐Ÿ‡ทLรฉo Dubois
61%
2017-20182DF ๐Ÿ‡ง๐Ÿ‡ทMariano
61%
2019-202022DF ๐Ÿ‡ง๐Ÿ‡ทMariano
61%
2018-201922DF ๐Ÿ‡ง๐Ÿ‡ทMariano
61%
2019-202099MF ๐Ÿ‡ฌ๐Ÿ‡ฆMario Lemina
61%
2020-202131FW ๐Ÿ‡ช๐Ÿ‡ฌMostafa Mohamed
61%
2021-202211FW ๐Ÿ‡ช๐Ÿ‡ฌMostafa Mohamed
61%
2022-202317MF ๐Ÿ‡ฎ๐Ÿ‡นNicolรฒ Zaniolo
61%
2020-202115DF ๐Ÿ‡ธ๐Ÿ‡ทRyan Donk
61%
2019-202015DF ๐Ÿ‡ธ๐Ÿ‡ทRyan Donk
61%
2017-201815DF ๐Ÿ‡ธ๐Ÿ‡ทRyan Donk
61%
2015-201615DF ๐Ÿ‡ธ๐Ÿ‡ทRyan Donk
61%
2018-201915DF ๐Ÿ‡ธ๐Ÿ‡ทRyan Donk
61%
2021-202233MF ๐Ÿ‡ท๐Ÿ‡ดAlexandru Cicaldau
60%
2014-201521DF ๐Ÿ‡จ๐Ÿ‡ฒAurรฉlien Chedjou
60%
2015-201621DF ๐Ÿ‡จ๐Ÿ‡ฒAurรฉlien Chedjou
60%
2016-201721DF ๐Ÿ‡จ๐Ÿ‡ฒAurรฉlien Chedjou
60%
2013-201421DF ๐Ÿ‡จ๐Ÿ‡ฒAurรฉlien Chedjou
60%
2014-201523FW ๐Ÿ‡น๐Ÿ‡ทYasin ร–ztekin
60%
2016-20177FW ๐Ÿ‡น๐Ÿ‡ทYasin ร–ztekin
60%
2015-20167FW ๐Ÿ‡น๐Ÿ‡ทYasin ร–ztekin
60%
2017-20187FW ๐Ÿ‡น๐Ÿ‡ทYasin ร–ztekin
60%
2022-202340DF ๐Ÿ‡น๐Ÿ‡ทEmin Bayram
58%
2016-20175MF ๐Ÿ‡น๐Ÿ‡ทHamit Altintop
58%
2012-20134MF ๐Ÿ‡น๐Ÿ‡ทHamit Altintop
58%
2014-20154MF ๐Ÿ‡น๐Ÿ‡ทHamit Altintop
58%
2019-20206MF ๐Ÿ‡จ๐Ÿ‡ฎJean Michaรซl Seri
58%
2013-201453FW ๐Ÿ‡ฒ๐Ÿ‡ฆNordin Amrabat
58%
2012-201353FW ๐Ÿ‡ฒ๐Ÿ‡ฆNordin Amrabat
58%
2021-202219DF ๐Ÿ‡น๐Ÿ‡ทร–mer Bayram
57%
2019-202019DF ๐Ÿ‡น๐Ÿ‡ทร–mer Bayram
57%
2018-201919DF ๐Ÿ‡น๐Ÿ‡ทร–mer Bayram
57%
2020-202119DF ๐Ÿ‡น๐Ÿ‡ทร–mer Bayram
57%
2002-200318MF ๐Ÿ‡น๐Ÿ‡ทAyhan Akman
56%
2011-201218MF ๐Ÿ‡น๐Ÿ‡ทAyhan Akman
56%
2003-200418MF ๐Ÿ‡น๐Ÿ‡ทAyhan Akman
56%
2004-200518MF ๐Ÿ‡น๐Ÿ‡ทAyhan Akman
56%
2006-200718MF ๐Ÿ‡น๐Ÿ‡ทAyhan Akman
56%
2007-200818MF ๐Ÿ‡น๐Ÿ‡ทAyhan Akman
56%
2009-201018MF ๐Ÿ‡น๐Ÿ‡ทAyhan Akman
56%
2008-200918MF ๐Ÿ‡น๐Ÿ‡ทAyhan Akman
56%
2001-200218MF ๐Ÿ‡น๐Ÿ‡ทAyhan Akman
56%
2010-201118MF ๐Ÿ‡น๐Ÿ‡ทAyhan Akman
56%
2005-200618MF ๐Ÿ‡น๐Ÿ‡ทAyhan Akman
56%
2022-20236MF ๐Ÿ‡ณ๐Ÿ‡ดFredrik Midtsjรถ
56%
2021-202213GK ๐Ÿ‡น๐Ÿ‡ทIsmail Cipe
56%
2017-201864DF ๐Ÿ‡ง๐Ÿ‡ชJason Denayer
56%
2015-201664DF ๐Ÿ‡ง๐Ÿ‡ชJason Denayer
56%
2005-200610FW ๐Ÿ‡น๐Ÿ‡ทNecati Ates
56%
2006-200710FW ๐Ÿ‡น๐Ÿ‡ทNecati Ates
56%
2003-200425FW ๐Ÿ‡น๐Ÿ‡ทNecati Ates
56%
2004-200525FW ๐Ÿ‡น๐Ÿ‡ทNecati Ates
56%
2011-201277FW ๐Ÿ‡น๐Ÿ‡ทNecati Ates
56%
2012-201313DF ๐Ÿ‡จ๐Ÿ‡ฒDany Nounkeu
54%
2013-201413DF ๐Ÿ‡จ๐Ÿ‡ฒDany Nounkeu
54%
2015-201614MF ๐Ÿ‡ช๐Ÿ‡ธJosรฉ Rodrรญguez
54%
2022-202388DF ๐Ÿ‡น๐Ÿ‡ทKazimcan Karatas
54%
2017-20183DF ๐Ÿ‡ง๐Ÿ‡ทMaicon
54%
2018-20193DF ๐Ÿ‡ง๐Ÿ‡ทMaicon
54%
2019-202092MF ๐Ÿ‡ซ๐Ÿ‡ทSteven Nzonzi
54%
2000-200122MF ๐Ÿ‡น๐Ÿ‡ทรœmit Davala
54%
2002-200322MF ๐Ÿ‡น๐Ÿ‡ทรœmit Davala
54%
2001-200222MF ๐Ÿ‡น๐Ÿ‡ทรœmit Davala
54%
2022-202311FW ๐Ÿ‡น๐Ÿ‡ทYunus Akgรผn
54%
2018-201935FW ๐Ÿ‡น๐Ÿ‡ทYunus Akgรผn
54%
2014-201552MF ๐Ÿ‡น๐Ÿ‡ทEmre ร‡olak
53%
2015-201652MF ๐Ÿ‡น๐Ÿ‡ทEmre ร‡olak
53%
2011-201252MF ๐Ÿ‡น๐Ÿ‡ทEmre ร‡olak
53%
2009-201037MF ๐Ÿ‡น๐Ÿ‡ทEmre ร‡olak
53%
2012-201352MF ๐Ÿ‡น๐Ÿ‡ทEmre ร‡olak
53%
2013-201452MF ๐Ÿ‡น๐Ÿ‡ทEmre ร‡olak
53%
2021-202254FW ๐Ÿ‡น๐Ÿ‡ทEmre Kilinc
53%
2020-202154FW ๐Ÿ‡น๐Ÿ‡ทEmre Kilinc
53%
2018-201925MF ๐Ÿ‡ง๐Ÿ‡ทFernando
53%
2017-201825MF ๐Ÿ‡ง๐Ÿ‡ทFernando
53%
2014-201519FW ๐Ÿ‡ฒ๐Ÿ‡ฐGoran Pandev
53%
2009-201019FW ๐Ÿ‡ฆ๐Ÿ‡บHarry Kewell
53%
2008-200919FW ๐Ÿ‡ฆ๐Ÿ‡บHarry Kewell
53%
2010-201199FW ๐Ÿ‡ฆ๐Ÿ‡บHarry Kewell
53%
2018-20194DF ๐Ÿ‡น๐Ÿ‡ทSerdar Aziz
53%
2017-20184DF ๐Ÿ‡น๐Ÿ‡ทSerdar Aziz
53%
2016-20174DF ๐Ÿ‡น๐Ÿ‡ทSerdar Aziz
53%
2015-201618FW ๐Ÿ‡ฉ๐Ÿ‡ชSinan Gรผmรผs
53%
2018-201911FW ๐Ÿ‡ฉ๐Ÿ‡ชSinan Gรผmรผs
53%
2017-201811FW ๐Ÿ‡ฉ๐Ÿ‡ชSinan Gรผmรผs
53%
2016-201718FW ๐Ÿ‡ฉ๐Ÿ‡ชSinan Gรผmรผs
53%
2014-201518FW ๐Ÿ‡ฉ๐Ÿ‡ชSinan Gรผmรผs
53%
2021-202226GK ๐Ÿ‡ช๐Ÿ‡ธIรฑaki Peรฑa
51%
2020-202136DF ๐Ÿ‡บ๐Ÿ‡พMarcelo Saracchi
51%
2019-202036DF ๐Ÿ‡บ๐Ÿ‡พMarcelo Saracchi
51%
2018-201917MF ๐Ÿ‡ธ๐Ÿ‡ณBadou Ndiaye
50%
2017-201820MF ๐Ÿ‡ธ๐Ÿ‡ณBadou Ndiaye
50%
2020-202120MF ๐Ÿ‡น๐Ÿ‡ทEmre Akbaba
50%
2019-202020MF ๐Ÿ‡น๐Ÿ‡ทEmre Akbaba
50%
2018-201920MF ๐Ÿ‡น๐Ÿ‡ทEmre Akbaba
50%
2006-20074DF ๐Ÿ‡จ๐Ÿ‡ฒRigobert Song
50%
2005-20064DF ๐Ÿ‡จ๐Ÿ‡ฒRigobert Song
50%
2007-20084DF ๐Ÿ‡จ๐Ÿ‡ฒRigobert Song
50%
2004-20054DF ๐Ÿ‡จ๐Ÿ‡ฒRigobert Song
50%
2022-202332DF ๐Ÿ‡จ๐Ÿ‡ฆSam Adekugbe
50%
2016-20173DF ๐Ÿ‡น๐Ÿ‡ทAhmet Calik
49%
2018-20195DF ๐Ÿ‡น๐Ÿ‡ทAhmet Calik
49%
2019-20205DF ๐Ÿ‡น๐Ÿ‡ทAhmet Calik
49%
2017-20185DF ๐Ÿ‡น๐Ÿ‡ทAhmet Calik
49%
2014-201513DF ๐Ÿ‡ง๐Ÿ‡ทAlex Telles
49%
2015-201613DF ๐Ÿ‡ง๐Ÿ‡ทAlex Telles
49%
2013-201415DF ๐Ÿ‡ง๐Ÿ‡ทAlex Telles
49%
2003-20046FW ๐Ÿ‡น๐Ÿ‡ทArif Erdem
49%
2004-20056FW ๐Ÿ‡น๐Ÿ‡ทArif Erdem
49%
2000-200133FW ๐Ÿ‡น๐Ÿ‡ทArif Erdem
49%
2002-20036FW ๐Ÿ‡น๐Ÿ‡ทArif Erdem
49%
2001-20026FW ๐Ÿ‡น๐Ÿ‡ทArif Erdem
49%
2017-201867GK ๐Ÿ‡น๐Ÿ‡ทEray Iscan
49%
2014-201567GK ๐Ÿ‡น๐Ÿ‡ทEray Iscan
49%
2013-201467GK ๐Ÿ‡น๐Ÿ‡ทEray Iscan
49%
2004-200567DF ๐Ÿ‡น๐Ÿ‡ทErgรผn Penbe
49%
2001-200267DF ๐Ÿ‡น๐Ÿ‡ทErgรผn Penbe
49%
2005-200667DF ๐Ÿ‡น๐Ÿ‡ทErgรผn Penbe
49%
2003-200467DF ๐Ÿ‡น๐Ÿ‡ทErgรผn Penbe
49%
2000-200167DF ๐Ÿ‡น๐Ÿ‡ทErgรผn Penbe
49%
2002-200367DF ๐Ÿ‡น๐Ÿ‡ทErgรผn Penbe
49%
2006-200767DF ๐Ÿ‡น๐Ÿ‡ทErgรผn Penbe
49%
2009-201032FW ๐Ÿ‡ง๐Ÿ‡ทJรด
49%
2011-201217DF ๐Ÿ‡จ๐Ÿ‡ฟTomas Ujfalusi
49%
2014-20156MF ๐Ÿ‡จ๐Ÿ‡ญBlerim Dzemaili
47%
2005-200621DF ๐Ÿ‡น๐Ÿ‡ทEmre Asik
47%
2009-201021DF ๐Ÿ‡น๐Ÿ‡ทEmre Asik
47%
2002-20035DF ๐Ÿ‡น๐Ÿ‡ทEmre Asik
47%
2001-20025DF ๐Ÿ‡น๐Ÿ‡ทEmre Asik
47%
2000-200126DF ๐Ÿ‡น๐Ÿ‡ทEmre Asik
47%
2008-200921DF ๐Ÿ‡น๐Ÿ‡ทEmre Asik
47%
2006-200721DF ๐Ÿ‡น๐Ÿ‡ทEmre Asik
47%
2012-201350MF ๐Ÿ‡น๐Ÿ‡ทEngin Baytar
47%
2011-201250MF ๐Ÿ‡น๐Ÿ‡ทEngin Baytar
47%
2021-202267FW ๐Ÿ‡น๐Ÿ‡ทHalil Dervisoglu
47%
2020-202113MF ๐Ÿ‡ณ๐Ÿ‡ฌPeter Etebo
47%
2008-200976DF ๐Ÿ‡น๐Ÿ‡ทServet Cetin
47%
2010-201176DF ๐Ÿ‡น๐Ÿ‡ทServet Cetin
47%
2011-201276DF ๐Ÿ‡น๐Ÿ‡ทServet Cetin
47%
2007-200876DF ๐Ÿ‡น๐Ÿ‡ทServet Cetin
47%
2009-201076DF ๐Ÿ‡น๐Ÿ‡ทServet Cetin
47%
2007-200814MF ๐Ÿ‡น๐Ÿ‡ทMehmet Topal
46%
2006-200714MF ๐Ÿ‡น๐Ÿ‡ทMehmet Topal
46%
2008-200914MF ๐Ÿ‡น๐Ÿ‡ทMehmet Topal
46%
2009-201014MF ๐Ÿ‡น๐Ÿ‡ทMehmet Topal
46%
2009-201011FW ๐Ÿ‡จ๐Ÿ‡ฎAbdul Kader Keita
44%
2021-20225DF ๐Ÿ‡น๐Ÿ‡ทAlpaslan ร–ztรผrk
44%
2005-200612GK ๐Ÿ‡น๐Ÿ‡ทAykut Ercetin
44%
2007-20081GK ๐Ÿ‡น๐Ÿ‡ทAykut Ercetin
44%
2009-20101GK ๐Ÿ‡น๐Ÿ‡ทAykut Ercetin
44%
2008-20091GK ๐Ÿ‡น๐Ÿ‡ทAykut Ercetin
44%
2003-200412GK ๐Ÿ‡น๐Ÿ‡ทAykut Ercetin
44%
2004-200512GK ๐Ÿ‡น๐Ÿ‡ทAykut Ercetin
44%
2006-200712GK ๐Ÿ‡น๐Ÿ‡ทAykut Ercetin
44%
2010-20111GK ๐Ÿ‡น๐Ÿ‡ทAykut Ercetin
44%
2015-20165MF ๐Ÿ‡น๐Ÿ‡ทBilal Kisa
44%
2003-20045DF ๐Ÿ‡ณ๐Ÿ‡ฑFrank de Boer
44%
2020-202183MF ๐Ÿ‡ต๐Ÿ‡นGedson Fernandes
44%
2007-200810MF ๐Ÿ‡ง๐Ÿ‡ทLincoln
44%
2008-200910MF ๐Ÿ‡ง๐Ÿ‡ทLincoln
44%
2013-201486GK ๐Ÿ‡น๐Ÿ‡ทUfuk Ceylan
44%
2012-201386GK ๐Ÿ‡น๐Ÿ‡ทUfuk Ceylan
44%
2011-201286GK ๐Ÿ‡น๐Ÿ‡ทUfuk Ceylan
44%
2010-201186GK ๐Ÿ‡น๐Ÿ‡ทUfuk Ceylan
44%
2013-201435MF ๐Ÿ‡น๐Ÿ‡ทYekta Kurtulus
44%
2010-201125MF ๐Ÿ‡น๐Ÿ‡ทYekta Kurtulus
44%
2012-201335MF ๐Ÿ‡น๐Ÿ‡ทYekta Kurtulus
44%
2011-201235MF ๐Ÿ‡น๐Ÿ‡ทYekta Kurtulus
44%
2014-201535MF ๐Ÿ‡น๐Ÿ‡ทYekta Kurtulus
44%
2020-202199GK ๐Ÿ‡น๐Ÿ‡ทFatih ร–ztรผrk
43%
2009-201030FW ๐Ÿ‡ฒ๐Ÿ‡ฝGiovani dos Santos
43%
2004-200557DF ๐Ÿ‡น๐Ÿ‡ทHakan รœnsal
43%
2002-200357DF ๐Ÿ‡น๐Ÿ‡ทHakan รœnsal
43%
2003-200457DF ๐Ÿ‡น๐Ÿ‡ทHakan รœnsal
43%
2000-200157DF ๐Ÿ‡น๐Ÿ‡ทHakan รœnsal
43%
2001-200257DF ๐Ÿ‡น๐Ÿ‡ทHakan รœnsal
43%
2014-201528DF ๐Ÿ‡ฉ๐Ÿ‡ชKoray Gรผnter
43%
2017-201828DF ๐Ÿ‡ฉ๐Ÿ‡ชKoray Gรผnter
43%
2015-201628DF ๐Ÿ‡ฉ๐Ÿ‡ชKoray Gรผnter
43%
2021-20223DF ๐Ÿ‡ณ๐Ÿ‡ดOmar Elabdellaoui
43%
2020-20213DF ๐Ÿ‡ณ๐Ÿ‡ดOmar Elabdellaoui
43%
2022-202313DF ๐Ÿ‡น๐Ÿ‡ทEmre Tasdemir
42%
2019-202023FW ๐Ÿ‡ท๐Ÿ‡ดFlorin Andone
42%
2004-200528FW ๐Ÿ‡ซ๐Ÿ‡ทFranck Ribรฉry
42%
2019-20207FW ๐Ÿ‡น๐Ÿ‡ทAdem Bรผyรผk
40%
2016-201719GK ๐Ÿ‡น๐Ÿ‡ทCenk Gรถnen
40%
2015-201699GK ๐Ÿ‡น๐Ÿ‡ทCenk Gรถnen
40%
2013-201414FW ๐Ÿ‡ง๐Ÿ‡ฆIzet Hajrovic
40%
2015-201623DF ๐Ÿ‡ซ๐Ÿ‡ทLionel Carole
40%
2016-201723DF ๐Ÿ‡ซ๐Ÿ‡ทLionel Carole
40%
2011-201290FW ๐Ÿ‡น๐Ÿ‡ทSercan Yildirim
40%
2012-201390FW ๐Ÿ‡น๐Ÿ‡ทSercan Yildirim
40%
2007-200861FW ๐Ÿ‡น๐Ÿ‡ทSerkan Calik
40%
2009-201020FW ๐Ÿ‡จ๐Ÿ‡ฉShabani Nonda
40%
2007-200820FW ๐Ÿ‡จ๐Ÿ‡ฉShabani Nonda
40%
2008-200920FW ๐Ÿ‡จ๐Ÿ‡ฉShabani Nonda
40%
2017-201821DF ๐Ÿ‡น๐Ÿ‡ทTarik Camdal
40%
2014-201577DF ๐Ÿ‡น๐Ÿ‡ทTarik Camdal
40%
2015-201638DF ๐Ÿ‡น๐Ÿ‡ทTarik Camdal
40%
2005-20066DF ๐Ÿ‡น๐Ÿ‡ทYalcin Ayhan
40%
2000-20016MF ๐Ÿ‡น๐Ÿ‡ทAhmet Yildirim
39%
2009-201088DF ๐Ÿ‡น๐Ÿ‡ทCaner Erkin
39%
2000-200135DF ๐Ÿ‡ง๐Ÿ‡ทCapone
39%
2001-200235DF ๐Ÿ‡ง๐Ÿ‡ทCapone
39%
2012-20133DF ๐Ÿ‡ง๐Ÿ‡ทCris
39%
2009-20109MF ๐Ÿ‡ง๐Ÿ‡ทElano
39%
2021-202215MF ๐Ÿ‡จ๐Ÿ‡ฑErick Pulgar
39%
2016-201734MF ๐Ÿ‡ณ๐Ÿ‡ฑNigel de Jong
39%
2017-201816GK ๐Ÿ‡ซ๐Ÿ‡ทCรฉdric Carrasso
38%
2011-201280FW ๐Ÿ‡น๐Ÿ‡ทColin Kazim-Richards
38%
2010-201180FW ๐Ÿ‡น๐Ÿ‡ทColin Kazim-Richards
38%
2009-201025GK ๐Ÿ‡ฆ๐Ÿ‡ทLeo Franco
38%
2008-200923DF ๐Ÿ‡น๐Ÿ‡ทSerkan Kurtulus
38%
2010-201123DF ๐Ÿ‡น๐Ÿ‡ทSerkan Kurtulus
38%
2002-200310MF ๐Ÿ‡ฎ๐Ÿ‡ฑHaim Revivo
36%
2016-201730MF ๐Ÿ‡ต๐Ÿ‡นJosuรฉ
36%
2018-201943DF ๐Ÿ‡น๐Ÿ‡ทOzan Kabak
36%
2009-20108MF ๐Ÿ‡ฉ๐Ÿ‡ชBaris ร–zbek
35%
2008-20098MF ๐Ÿ‡ฉ๐Ÿ‡ชBaris ร–zbek
35%
2010-20118MF ๐Ÿ‡ฉ๐Ÿ‡ชBaris ร–zbek
35%
2007-20088MF ๐Ÿ‡ฉ๐Ÿ‡ชBaris ร–zbek
35%
2002-200320DF ๐Ÿ‡ธ๐Ÿ‡ณMohamed Sarr
35%
2007-200854GK ๐Ÿ‡น๐Ÿ‡ทOrkun Usak
35%
2006-200722MF ๐Ÿ‡ท๐Ÿ‡ธSasa Ilic
35%
2005-200622MF ๐Ÿ‡ท๐Ÿ‡ธSasa Ilic
35%
2004-20052DF ๐Ÿ‡ญ๐Ÿ‡ทStjepan Tomas
35%
2005-20062DF ๐Ÿ‡ญ๐Ÿ‡ทStjepan Tomas
35%
2006-20072DF ๐Ÿ‡ญ๐Ÿ‡ทStjepan Tomas
35%
2010-201128FW ๐Ÿ‡ท๐Ÿ‡ดBogdan Stancu
33%
2011-20126MF ๐Ÿ‡น๐Ÿ‡ทCeyhun Gรผlselam
33%
2013-20146MF ๐Ÿ‡น๐Ÿ‡ทCeyhun Gรผlselam
33%
2017-201833DF ๐Ÿ‡ท๐Ÿ‡ดIasmin Latovlevici
33%
2006-200723MF ๐Ÿ‡ฏ๐Ÿ‡ตJunichi Inamoto
33%
2016-201739DF ๐Ÿ‡ง๐Ÿ‡ชLuis Pedro Cavanda
33%
2018-201988FW ๐Ÿ‡น๐Ÿ‡ทMugdat Celik
33%
2020-202117FW ๐Ÿ‡น๐Ÿ‡ทOgulcan Caglayan
33%
2010-201187GK ๐Ÿ‡จ๐Ÿ‡ดRรณbinson Zapata
33%
2019-20202DF ๐Ÿ‡น๐Ÿ‡ทSener ร–zbayrakli
33%
2001-200213MF ๐Ÿ‡น๐Ÿ‡ทSergen Yalcin
33%
2010-201119MF ๐Ÿ‡ฆ๐Ÿ‡ฑLorik Cana
32%
2009-201012DF ๐Ÿ‡ฆ๐Ÿ‡บLucas Neill
32%
2010-20112DF ๐Ÿ‡ฆ๐Ÿ‡บLucas Neill
32%
2009-201016MF ๐Ÿ‡น๐Ÿ‡ทMustafa Sarp
32%
2010-201116MF ๐Ÿ‡น๐Ÿ‡ทMustafa Sarp
32%
2014-201529FW ๐Ÿ‡น๐Ÿ‡ทOlcan Adin
32%
2015-201629FW ๐Ÿ‡น๐Ÿ‡ทOlcan Adin
32%
2017-20186MF ๐Ÿ‡น๐Ÿ‡ทTolga Cigerci
32%
2016-201727MF ๐Ÿ‡น๐Ÿ‡ทTolga Cigerci
32%
2003-200419MF ๐Ÿ‡น๐Ÿ‡ทCihan Haspolatli
29%
2002-200319MF ๐Ÿ‡น๐Ÿ‡ทCihan Haspolatli
29%
2006-200719MF ๐Ÿ‡น๐Ÿ‡ทCihan Haspolatli
29%
2004-200519MF ๐Ÿ‡น๐Ÿ‡ทCihan Haspolatli
29%
2005-200619MF ๐Ÿ‡น๐Ÿ‡ทCihan Haspolatli
29%
2002-200314FW ๐Ÿ‡ง๐Ÿ‡ฆElvir Baljic
29%
2004-200514FW ๐Ÿ‡ง๐Ÿ‡ฆElvir Baljic
29%
2010-201127MF ๐Ÿ‡ฆ๐Ÿ‡ทEmmanuel Culio
29%
2000-200136FW ๐Ÿ‡ง๐Ÿ‡ทMรกrcio Santos
29%
2008-200926GK ๐Ÿ‡ฎ๐Ÿ‡นMorgan De Sanctis
29%
2000-200114DF ๐Ÿ‡น๐Ÿ‡ทFatih Akyel
28%
2006-200758FW ๐Ÿ‡น๐Ÿ‡ทHasan Kabze
28%
2004-200558FW ๐Ÿ‡น๐Ÿ‡ทHasan Kabze
28%
2005-200658FW ๐Ÿ‡น๐Ÿ‡ทHasan Kabze
28%
2000-200120FW ๐Ÿ‡น๐Ÿ‡ทSerkan Aykut
28%
2001-200255FW ๐Ÿ‡น๐Ÿ‡ทSerkan Aykut
28%
2002-200312DF ๐Ÿ‡ต๐Ÿ‡นAbel Xavier
26%
2008-20095DF ๐Ÿ‡ต๐Ÿ‡นFernando Meira
26%
2010-201120FW ๐Ÿ‡จ๐Ÿ‡ดJuan Pablo Pino
26%
2014-201538GK ๐Ÿ‡น๐Ÿ‡ทSinan Bolat
26%
2007-20086MF ๐Ÿ‡ธ๐Ÿ‡ชTobias Linderoth
26%
2008-20096MF ๐Ÿ‡ธ๐Ÿ‡ชTobias Linderoth
26%
2003-200429DF ๐Ÿ‡ง๐Ÿ‡ทCรฉsar Prates
25%
2015-20166MF ๐Ÿ‡น๐Ÿ‡ทJem Karacan
25%
2006-200716MF ๐Ÿ‡ฆ๐Ÿ‡ทMarcelo Carrusca
25%
2007-200816MF ๐Ÿ‡ฆ๐Ÿ‡ทMarcelo Carrusca
25%
2006-200724MF ๐Ÿ‡น๐Ÿ‡ทMehmet Gรผven
25%
2008-200987MF ๐Ÿ‡น๐Ÿ‡ทMehmet Gรผven
25%
2007-200887MF ๐Ÿ‡น๐Ÿ‡ทMehmet Gรผven
25%
2000-200118MF ๐Ÿ‡น๐Ÿ‡ทรœmit Aydin
25%
2002-200320MF ๐Ÿ‡น๐Ÿ‡ทVolkan Arslan
25%
2005-200620MF ๐Ÿ‡น๐Ÿ‡ทVolkan Arslan
25%
2003-200420MF ๐Ÿ‡น๐Ÿ‡ทVolkan Arslan
25%
2004-200520MF ๐Ÿ‡น๐Ÿ‡ทVolkan Arslan
25%
2008-200974DF ๐Ÿ‡น๐Ÿ‡ทVolkan Yaman
25%
2007-200874DF ๐Ÿ‡น๐Ÿ‡ทVolkan Yaman
25%
2002-20034MF ๐Ÿ‡ง๐Ÿ‡ทBatista
24%
2003-20048MF ๐Ÿ‡ง๐Ÿ‡ทBatista
24%
2001-20024MF ๐Ÿ‡ง๐Ÿ‡ทBatista
24%
2010-20116DF ๐Ÿ‡ฆ๐Ÿ‡ทEmiliano Insรบa
24%
2008-20092DF ๐Ÿ‡น๐Ÿ‡ทEmre Gรผngรถr
24%
2007-20082DF ๐Ÿ‡น๐Ÿ‡ทEmre Gรผngรถr
24%
2009-20102DF ๐Ÿ‡น๐Ÿ‡ทEmre Gรผngรถr
24%
2007-200819DF ๐Ÿ‡ฉ๐Ÿ‡ฟIsmaรซl Bouzid
24%
2004-200524MF ๐Ÿ‡ท๐Ÿ‡ดOvidiu Petre
24%
2003-200424MF ๐Ÿ‡ท๐Ÿ‡ดOvidiu Petre
24%
2008-200917FW ๐Ÿ‡น๐Ÿ‡ทYaser Yildiz
24%
2004-20057MF ๐Ÿ‡จ๐Ÿ‡ฒAlioum Saidou
22%
2005-20067MF ๐Ÿ‡จ๐Ÿ‡ฒAlioum Saidou
22%
2005-20068FW ๐Ÿ‡จ๐Ÿ‡ฟMarek Heinz
22%
2001-200215DF ๐Ÿ‡ซ๐Ÿ‡ทSรฉbastien Pรฉrez
22%
2001-20022DF ๐Ÿ‡น๐Ÿ‡ทVedat Inceefe
22%
2000-20012DF ๐Ÿ‡น๐Ÿ‡ทVedat Inceefe
22%
2002-200323DF ๐Ÿ‡น๐Ÿ‡ทVedat Inceefe
22%
2011-201221FW ๐Ÿ‡น๐Ÿ‡ทYigit Gรถkoglan
22%
2007-200815MF ๐Ÿ‡ฌ๐Ÿ‡ญAhmed Barusso
21%
2001-200223MF ๐Ÿ‡บ๐Ÿ‡พAndrรฉs Fleurquรญn
21%
2000-200128MF ๐Ÿ‡น๐Ÿ‡ทBรผlent Akin
21%
2001-200212MF ๐Ÿ‡น๐Ÿ‡ทBรผlent Akin
21%
2011-20123DF ๐Ÿ‡น๐Ÿ‡ทCaglar Birinci
21%
2012-201333DF ๐Ÿ‡น๐Ÿ‡ทCaglar Birinci
21%
2010-20113DF ๐Ÿ‡น๐Ÿ‡ทCaglar Birinci
21%
2002-200317FW ๐Ÿ‡ง๐Ÿ‡ทFabio Pinto
21%
2004-20058MF ๐Ÿ‡ง๐Ÿ‡ทFlรกvio Conceiรงรฃo
21%
2003-200415FW ๐Ÿ‡ท๐Ÿ‡ดFlorin Bratu
21%
2003-200430DF ๐Ÿ‡ท๐Ÿ‡ดGabriel Tamas
21%
2001-200214DF ๐Ÿ‡จ๐Ÿ‡ดGustavo Victoria
21%
2001-200226FW ๐Ÿ‡ท๐Ÿ‡ดRadu Niculescu
21%
2002-20037FW ๐Ÿ‡น๐Ÿ‡ทBerkant Gรถktan
19%
2003-20047FW ๐Ÿ‡น๐Ÿ‡ทBerkant Gรถktan
19%
2001-20027FW ๐Ÿ‡น๐Ÿ‡ทBerkant Gรถktan
19%
2002-200325FW ๐Ÿ‡ง๐Ÿ‡ทChristian
19%
2002-200350FW ๐Ÿ‡จ๐Ÿ‡ฉAli Lukunku
18%
2016-201797MF ๐Ÿ‡น๐Ÿ‡ทBirhan Vatansever
18%
2003-200433MF ๐Ÿ‡น๐Ÿ‡ทMurat Erdogan
18%
2003-20042DF ๐Ÿ‡น๐Ÿ‡ทร–mer Erdogan
18%
2005-200614MF ๐Ÿ‡น๐Ÿ‡ทAltan Aksoy
17%
2000-200121MF ๐Ÿ‡น๐Ÿ‡ทFaruk Atalay
17%
2002-200310FW ๐Ÿ‡ง๐Ÿ‡ทFelipe Loureiro
17%
2000-200130GK ๐Ÿ‡น๐Ÿ‡ทMehmet Bรถlรผkbasi
17%
2003-200423DF ๐Ÿ‡น๐Ÿ‡ทSuat Usta
17%
2006-200725DF ๐Ÿ‡น๐Ÿ‡ทFerhat ร–ztorun
15%
2005-200625DF ๐Ÿ‡น๐Ÿ‡ทFerhat ร–ztorun
15%
2002-20032DF ๐Ÿ‡น๐Ÿ‡ทMehmet Polat
15%
2006-200728DF ๐Ÿ‡น๐Ÿ‡ทTolga Seyhan
14%
2009-20103DF ๐Ÿ‡น๐Ÿ‡ทUgur Ucar
14%
2007-200833DF ๐Ÿ‡น๐Ÿ‡ทUgur Ucar
14%
2004-200533DF ๐Ÿ‡น๐Ÿ‡ทUgur Ucar
14%
2005-200633DF ๐Ÿ‡น๐Ÿ‡ทUgur Ucar
14%
2004-200515MF ๐Ÿ‡น๐Ÿ‡ทCafercan Aksu
13%
2016-201729FW ๐Ÿ‡น๐Ÿ‡ทKerem Caliskan
13%
2001-200225FW ๐Ÿ‡น๐Ÿ‡ทMurat Sรถzkesen
11%
2005-200627FW ๐Ÿ‡น๐Ÿ‡ทร–zgรผr Can ร–zcan
11%

Score Distribution

Percentile by Number Answered

Percent of People with Each Score

Your Score History

You have not taken this quiz